| 000 | 00536nam a22001937a 4500 | ||
|---|---|---|---|
| 003 | MPLRDC | ||
| 005 | 20220104191052.0 | ||
| 008 | 210129b ||||| |||| 00| 0 eng d | ||
| 020 | _a978-986-185-609-4 | ||
| 082 | _a873.57 GOL | ||
| 100 | _aWILLIAM GOLDING | ||
| 245 |
_a苍蝇王 _c龚志成 译 |
||
| 250 | _a初版 | ||
| 260 |
_a台湾 _b英属维京群岛商高宝国际有限公司台湾分公司 _c2011 |
||
| 300 | _b平 | ||
| 490 | _a文学新象: TN181 | ||
| 650 | _a英国文学--长篇小说 | ||
| 942 |
_cBK _o873.57 GOL |
||
| 999 |
_c64075 _d64065 |
||